| 000 | 01600nam a22003617a 4500 | ||
|---|---|---|---|
| 003 | OSt | ||
| 005 | 20210825115721.0 | ||
| 007 | ta | ||
| 008 | 210226b 2020 dr f00| 0 spad | ||
| 020 | _a9789945092769 | ||
| 040 |
_aDO-SdBNP _bspa _cBPMSU |
||
| 082 |
_a306.097293 _bS718d, 2020 _222 |
||
| 100 | 1 |
_aSoto Jiménez, José Miguel, _d1956- |
|
| 245 | 1 | 0 |
_aDominicaneando : _bensayo tríptico para el bosquejo de una dominicanidad inavertida / _cJosé Miguel Soto Jiménez ; edición al cuidado de Sócrates Suaso Ruiz |
| 246 | 1 | 4 |
_aDominicaneando : _blos tres nombres del después de siempre. |
| 250 | _a2a. ed. corregida y aumentada. | ||
| 260 |
_aSanto Domingo : _bEdita Libros, _c2020. |
||
| 300 |
_a572 p. ; _c23 cm. |
||
| 500 | _aIncluye datos biográficos del autor en las solapas | ||
| 500 | _aIncluye índice onomástico | ||
| 504 | _aBibliografía : p. 529-547 | ||
| 590 | _aInventariado, 2021/VM | ||
| 650 | 4 |
_aIdentidad cultural _z República Dominicana _vEnsayos, conferencias, etc. |
|
| 650 | 4 |
_aReligiosidad popular _zRepública Dominicana _vEnsayos, conferencias, etc. |
|
| 650 | 4 |
_aLiteratura dominicana _xCrítica e interpretación |
|
| 651 | 4 |
_aRepública Dominicana _xHistoria _vEnsayos, conferencias, etc. |
|
| 651 | 4 |
_aRepública Dominicana _xVida social y costumbres _vEnsayos, conferencias, etc. |
|
| 651 | 4 |
_aRepública Dominicana _xCondiciones sociales _vEnsayos, conferencias, etc. |
|
| 651 | 4 |
_aRepública Dominicana _xCivilización _vEnsayos, conferencias, etc. _z |
|
| 700 | 1 |
_aSuaso Ruiz, Sócrates, _eedición |
|
| 910 | _a Vmateo V. | ||
| 942 |
_2ddc _cBK |
||
| 999 |
_c13687 _d13687 |
||